Rethinking business ethics : a pragmatic approach /

Bibliographic Details
Main Author: Rosenthal, Sandra B.
Other Authors: Buchholz, Rogene A.
Format: Book
Language:English
Published: New York : Oxford University Press, 2000.
Series:Ruffin series in business ethics.
Subjects:

MARC

Tag First Indicator Second Indicator Subfields
LEADER 00000cam a2200000 a 4500
001 in00001508024
005 20151021105550.0
008 981022s2000 nyu b 001 0 eng
010 |a  98048333  
015 |a GB99-W4298 
020 |a 0195117360 (cloth : alk. paper) 
035 |a (OCoLC)40193697 
035 |9 AJL4908AM 
040 |a DLC  |c DLC  |d UKM  |d C#P  |d TXA  |d UtOrBLW 
049 |a TXAM 
050 0 0 |a HF5387  |b .R666 2000 
082 0 0 |a 174/.6  |2 21 
100 1 |a Rosenthal, Sandra B. 
245 1 0 |a Rethinking business ethics :  |b a pragmatic approach /  |c Sandra B. Rosenthal, Rogene A. Buchholz. 
264 1 |a New York :  |b Oxford University Press,  |c 2000. 
300 |a xiv, 204 pages ;  |c 25 cm. 
336 |a text  |b txt  |2 rdacontent 
337 |a unmediated  |b n  |2 rdamedia 
338 |a volume  |b nc  |2 rdacarrier 
490 1 |a The Ruffin series in business ethics 
504 |a Includes bibliographical references and index. 
650 0 |a Business ethics. 
650 0 |a Social responsibility of business. 
650 4 |a Business ethics. 
700 1 |a Buchholz, Rogene A. 
830 0 |a Ruffin series in business ethics. 
948 |a C:BLW  |d 20041115 
999 |a MARS 
999 f f |s 79842dcb-8726-3bf2-8532-e0f0863fdb94  |i c5ee36ad-99a2-39a7-aed0-855a427e7a78  |t 0 
952 f f |p ric  |a Texas A&M University  |b Rellis Campus  |c Joint Library Facility  |d Remote Storage  |t 0  |e HF5387 .R666 2000  |h Library of Congress classification  |i unmediated -- volume  |m A14825335671 
998 f f |a HF5387 .R666 2000  |t 0  |l Remote Storage